[Event "I SCS Open GM Chess Tournament"]
[Site "Bhubaneswar IND"]
[Date "2009.06.08"]
[Round "2"]
[White "Mahtabuddin, Ahmed"]
[Black "Anuar, Ismagambetov"]
[Result "0-1"]
[WhiteElo "2220"]
[BlackElo "2525"]
[PlyCount "82"]
[EventDate "2009.06.07"]
[EventType "swiss"]
[EventRounds "10"]
[EventCountry "IND"]
[Source "lmi"]
[SourceDate "2009.06.07"]

1. Nf3 c5 2. c4 Nc6 3. Nc3 g6 4. b3 Bg7 5. Bb2 e5 6. Nd5 Nge7 7. e3 O-O 8. Be2
e4 9. Bxg7 Kxg7 10. Ng1 Nxd5 11. cxd5 Nb4 12. Nh3 Nxd5 13. Qc2 Qe7 14. O-O d6
15. Nf4 Nxf4 16. exf4 Bf5 17. Rad1 Rad8 18. g4 Bd7 19. f3 Bc6 20. fxe4 Bxe4 21.
Qc3+ Qf6 22. f5 Qxc3 23. dxc3 gxf5 24. gxf5 Kf6 25. Bf3 Rg8+ 26. Kh1 d5 27.
Bxe4 dxe4 28. Rde1 Rge8 29. Re2 e3 30. Rf3 Rd2 31. Rexe3 Rxe3 32. Rxe3 Rxa2 33.
Rh3 Rb2 34. c4 a5 35. Rxh7 Rxb3 36. Rh6+ Kg5 37. Rh8 a4 38. Ra8 a3 39. Kg2 Kxf5
40. Ra5 b6 41. Ra7 f6 0-1

[Event "I SCS Open GM Chess Tournament"]
[Site "Bhubaneswar IND"]
[Date "2009.06.08"]
[Round "2"]
[White "Sergey, Vokarev"]
[Black "Rajib, Dhar"]
[Result "1-0"]
[WhiteElo "2521"]
[BlackElo "2175"]
[PlyCount "126"]
[EventDate "2009.06.07"]
[EventType "swiss"]
[EventRounds "10"]
[EventCountry "IND"]
[Source "lmi"]
[SourceDate "2009.06.07"]

1. e4 c5 2. Nf3 d6 3. d4 cxd4 4. Nxd4 Nf6 5. f3 Nc6 6. c4 Qb6 7. Nc2 g6 8. Nc3
Bg7 9. Qd3 Nb4 10. Nxb4 Qxb4 11. a3 Qb3 12. Nb5 Qxd3 13. Bxd3 O-O 14. Be3 b6
15. O-O-O Bd7 16. Kb1 Rfc8 17. Rc1 Ne8 18. Rhd1 Nc7 19. Nc3 Rab8 20. Be2 Bc6
21. Ka2 Kf8 22. b4 Bd7 23. Kb3 Ke8 24. g3 Be6 25. Nd5 Nxd5 26. cxd5 Bd7 27. Ba6
Rxc1 28. Rxc1 Kd8 29. a4 h5 30. Rc2 Be5 31. Ra2 f5 32. exf5 Bxf5 33. Bg5 Bf6
34. Bxf6 exf6 35. Re2 Bd7 36. h4 Kc7 37. Rc2+ Kd8 38. Re2 Kc7 39. Bb5 Bxb5 40.
axb5 Kd7 41. Re6 Rf8 42. Kc4 Rf7 43. Kd4 Rf8 44. g4 hxg4 45. fxg4 Rf7 46. Ke4
Rf8 47. Kf4 Rf7 48. h5 gxh5 49. gxh5 Rh7 50. Kg4 Rg7+ 51. Kh4 Rg5 52. Rxf6 Rxd5
53. h6 Rd1 54. Rf3 Rc1 55. h7 Rc8 56. Kg5 Ke6 57. Kg6 d5 58. Re3+ Kd6 59. Rh3
d4 60. h8=Q Rxh8 61. Rxh8 Kd5 62. Kf5 Kc4 63. Ke4 Kxb5 1-0

[Event "I SCS Open GM Chess Tournament"]
[Site "Bhubaneswar IND"]
[Date "2009.06.08"]
[Round "2"]
[White "Das, Neelotpal"]
[Black "L V, Shivkumar"]
[Result "1-0"]
[WhiteElo "2514"]
[BlackElo "2142"]
[PlyCount "41"]
[EventDate "2009.06.07"]
[EventType "swiss"]
[EventRounds "10"]
[EventCountry "IND"]
[Source "lmi"]
[SourceDate "2009.06.07"]

1. e4 c5 2. Nc3 d6 3. f4 g6 4. Nf3 Bg7 5. Bc4 e6 6. f5 Nc6 7. O-O Nf6 8. fxe6
Bxe6 9. Bb3 c4 10. Ba4 O-O 11. d3 cxd3 12. cxd3 d5 13. e5 Qb6+ 14. Kh1 Ng4 15.
d4 Nh6 16. Bxc6 Qxc6 17. Bg5 Kh8 18. Bf6 Bg4 19. Qd2 Bxf6 20. exf6 Ng8 21. Ne5
1-0

[Event "I SCS Open GM Chess Tournament"]
[Site "Bhubaneswar IND"]
[Date "2009.06.08"]
[Round "2"]
[White "Javed, Mohammad"]
[Black "Rustam, Khusnutdinov"]
[Result "0-1"]
[WhiteElo "2207"]
[BlackElo "2507"]
[PlyCount "62"]
[EventDate "2009.06.07"]
[EventType "swiss"]
[EventRounds "10"]
[EventCountry "IND"]
[Source "lmi"]
[SourceDate "2009.06.07"]

1. e4 c5 2. Nf3 Nc6 3. d4 cxd4 4. Nxd4 e5 5. Nb5 d6 6. N1c3 a6 7. Na3 Be6 8.
Nc4 Nf6 9. Be3 Rb8 10. Bb6 Qd7 11. Qd2 Be7 12. O-O-O O-O 13. Nxd6 Nd4 14. Nc4
Qc6 15. Nd5 Nxd5 16. exd5 Qxd5 17. Bxd4 exd4 18. Qxd4 Qb5 19. Ne3 Qa5 20. Bc4
Bc5 21. Qd3 b5 22. Bd5 Qb6 23. Rhe1 Rbd8 24. Qe4 Bc8 25. Bb3 a5 26. Rxd8 Qxd8
27. Qc6 Bd4 28. Qxb5 Qf6 29. Nd1 Bxf2 30. Rf1 Ba6 31. Bxf7+ Kh8 0-1

[Event "I SCS Open GM Chess Tournament"]
[Site "Bhubaneswar IND"]
[Date "2009.06.08"]
[Round "2"]
[White "Amon, Simutowe"]
[Black "Krishan, Soni"]
[Result "1-0"]
[WhiteElo "2486"]
[BlackElo "2139"]
[PlyCount "84"]
[EventDate "2009.06.07"]
[EventType "swiss"]
[EventRounds "10"]
[EventCountry "IND"]
[Source "lmi"]
[SourceDate "2009.06.07"]

1. d4 Nf6 2. Nf3 g6 3. c4 Bg7 4. Nc3 d5 5. e3 c6 6. Bd2 O-O 7. Qb3 e6 8. Bd3
Nbd7 9. a4 a5 10. O-O Re8 11. Rfd1 b6 12. Rac1 Ba6 13. h3 Qe7 14. Be1 dxc4 15.
Bxc4 Bxc4 16. Qxc4 Rec8 17. e4 c5 18. e5 Ne8 19. Ne4 Rc7 20. Bc3 cxd4 21. Qxd4
Nc5 22. Nxc5 Qxc5 23. Qxc5 bxc5 24. Bd2 Bf8 25. Rc4 Rb7 26. Bc3 Be7 27. g3 Raa7
28. h4 Nc7 29. Rd7 Nd5 30. Rxb7 Rxb7 31. Nd2 Kf8 32. Kf1 Ke8 33. Re4 Kd7 34.
Nc4 Nxc3 35. bxc3 Bd8 36. Re1 Bc7 37. Ke2 Kc6 38. Rd1 Rb8 39. f4 h5 40. Ke3 Rb3
41. Kd3 Rb8 42. Kc2 Re8 1-0

[Event "I SCS Open GM Chess Tournament"]
[Site "Bhubaneswar IND"]
[Date "2009.06.08"]
[Round "2"]
[White "B, Adhiban"]
[Black "Md Emam, Hasan"]
[Result "1-0"]
[WhiteElo "2483"]
[BlackElo "2135"]
[PlyCount "119"]
[EventDate "2009.06.07"]
[EventType "swiss"]
[EventRounds "10"]
[EventCountry "IND"]
[Source "lmi"]
[SourceDate "2009.06.07"]

1. e4 Nf6 2. e5 Nd5 3. d4 d6 4. Nf3 g6 5. Bc4 Nb6 6. Bb3 Bg7 7. Qe2 O-O 8. h3
Nc6 9. O-O dxe5 10. dxe5 Nd4 11. Nxd4 Qxd4 12. Re1 c5 13. Nd2 Qh4 14. a4 e6 15.
a5 Nd5 16. Nf3 Qe7 17. Qe4 Nb4 18. Bg5 Qc7 19. Qh4 Re8 20. Bh6 Qe7 21. Qxe7
Rxe7 22. Be3 Rc7 23. Red1 h6 24. c3 Nc6 25. Bxc5 Nxe5 26. Rd8+ Kh7 27. Nxe5
Bxe5 28. Bb4 Rd7 29. Rd1 Rxd8 30. Rxd8 b6 31. a6 Rb8 32. Bc4 b5 33. Bxb5 Rxb5
34. Rxc8 Rb6 35. g3 Rxa6 36. f4 Bd6 37. Bxd6 Rxd6 38. Rc7 Kg7 39. b4 a6 40. Kf2
Rd2+ 41. Ke3 Rg2 42. Kf3 Ra2 43. Ke4 Re2+ 44. Kd4 Rg2 45. Ra7 Rxg3 46. Rxa6 g5
47. fxg5 hxg5 48. b5 Rxh3 49. b6 e5+ 50. Kc4 Rh8 51. Kd5 Rd8+ 52. Kxe5 f6+ 53.
Ke6 Rd1 54. c4 Re1+ 55. Kd6 g4 56. c5 g3 57. Ra3 Rg1 58. b7 g2 59. Rg3+ Kf7 60.
b8=Q 1-0

[Event "I SCS Open GM Chess Tournament"]
[Site "Bhubaneswar IND"]
[Date "2009.06.08"]
[Round "2"]
[White "Jaiswal, Anurag"]
[Black "Chakkravarthy J, Deepan"]
[Result "1-0"]
[WhiteElo "2193"]
[BlackElo "2482"]
[PlyCount "113"]
[EventDate "2009.06.07"]
[EventType "swiss"]
[EventRounds "10"]
[EventCountry "IND"]
[Source "lmi"]
[SourceDate "2009.06.07"]

1. d4 e6 2. g3 c5 3. Nf3 b6 4. Bg2 Bb7 5. O-O Nf6 6. c4 cxd4 7. Nxd4 Bxg2 8.
Kxg2 Qc7 9. Qa4 Bc5 10. Nf3 Qc6 11. Qxc6 Nxc6 12. Nc3 h6 13. b3 Ke7 14. Bb2 a6
15. Rfd1 Rhb8 16. Na4 Bd6 17. Rac1 b5 18. c5 Bc7 19. Bxf6+ gxf6 20. Nc3 f5 21.
Nd4 Rd8 22. Nxf5+ Kf6 23. Nxh6 Ne5 24. h3 Kg5 25. Ng4 Nxg4 26. hxg4 Kxg4 27.
Rd4+ Kf5 28. Rcd1 Be5 29. R4d3 Rac8 30. e4+ Kf6 31. f4 Bxc3 32. Rxc3 b4 33. Rc4
a5 34. e5+ Ke7 35. Rd6 Rc6 36. Kf3 Rdc8 37. Rxc6 Rxc6 38. Ke4 Rc8 39. Rc2 Kd8
40. g4 Kc7 41. Rh2 Kc6 42. Rh7 Rf8 43. Kd4 f6 44. exf6 Rxf6 45. Ke5 Rf8 46. Rg7
Rh8 47. g5 Rh2 48. Rg8 Re2+ 49. Kf6 Rf2 50. Ke5 Re2+ 51. Kf6 Rf2 52. g6 Rxf4+
53. Ke7 Rg4 54. g7 Kc7 55. c6 dxc6 56. Kf6 Rf4+ 57. Ke5 1-0

[Event "I SCS Open GM Chess Tournament"]
[Site "Bhubaneswar IND"]
[Date "2009.06.08"]
[Round "2"]
[White "Deep, Sengupta"]
[Black "V  S, Negi"]
[Result "1-0"]
[WhiteElo "2466"]
[BlackElo "2109"]
[PlyCount "69"]
[EventDate "2009.06.07"]
[EventType "swiss"]
[EventRounds "10"]
[EventCountry "IND"]
[Source "lmi"]
[SourceDate "2009.06.07"]

1. e4 c5 2. Nf3 d6 3. d4 cxd4 4. Nxd4 Nf6 5. Nc3 a6 6. Be3 e5 7. Nde2 Nbd7 8.
Ng3 b5 9. a4 b4 10. Nd5 Bb7 11. a5 Nxd5 12. exd5 g6 13. Bc4 h5 14. Bd2 Qc7 15.
b3 f5 16. Bxb4 Nf6 17. Ne2 Qf7 18. Nc3 Be7 19. Qd2 O-O 20. f3 Rfd8 21. Rd1 h4
22. O-O Nh5 23. Ne2 g5 24. Bd3 Kg7 25. c4 Bc8 26. Bc3 Bf6 27. Qc2 f4 28. Be1
Rh8 29. Nc3 Rh6 30. Ne4 Be7 31. c5 Ng3 32. cxd6 Nxf1 33. dxe7 Ne3 34. Qc7 Bf5
35. Qxe5+ 1-0

[Event "I SCS Open GM Chess Tournament"]
[Site "Bhubaneswar IND"]
[Date "2009.06.08"]
[Round "2"]
[White "Aarthie, Ramaswamy"]
[Black "Serikbay, Temirbayev"]
[Result "1/2-1/2"]
[WhiteElo "2191"]
[BlackElo "2458"]
[PlyCount "71"]
[EventDate "2009.06.07"]
[EventType "swiss"]
[EventRounds "10"]
[EventCountry "IND"]
[Source "lmi"]
[SourceDate "2009.06.07"]

1. e4 e6 2. d4 d5 3. Nd2 Nf6 4. e5 Nfd7 5. Bd3 c5 6. c3 Nc6 7. Ngf3 cxd4 8.
cxd4 Nb6 9. O-O Bd7 10. a3 a5 11. b3 Be7 12. Bb2 h5 13. Qe2 Kf8 14. Ne1 g6 15.
f4 Kg8 16. Nef3 Qe8 17. Rac1 Qf8 18. Nb1 h4 19. Rc2 Qh6 20. Bc1 Qh5 21. Nc3 Kg7
22. Nb5 Nc8 23. Rf2 Bd8 24. Be3 Bb6 25. Rf1 Rb8 26. Qf2 N8e7 27. Nd6 Nf5 28.
Bxf5 gxf5 29. Ng5 Be8 30. Rfc1 Bd8 31. Qd2 Bxg5 32. fxg5 h3 33. g3 Qg4 34. Rf1
Qh5 35. Rfc1 Qg4 36. Rf1 1/2-1/2

[Event "I SCS Open GM Chess Tournament"]
[Site "Bhubaneswar IND"]
[Date "2009.06.08"]
[Round "2"]
[White "Jha, Sriram"]
[Black "Subramanian N, Aravind"]
[Result "1-0"]
[WhiteElo "2453"]
[BlackElo "2107"]
[PlyCount "105"]
[EventDate "2009.06.07"]
[EventType "swiss"]
[EventRounds "10"]
[EventCountry "IND"]
[Source "lmi"]
[SourceDate "2009.06.07"]

1. d4 Nf6 2. c4 g6 3. Nc3 Bg7 4. e4 d6 5. f3 O-O 6. Be3 e5 7. Nge2 c6 8. Qd2
Nbd7 9. O-O-O a6 10. Kb1 b5 11. Nc1 Rb8 12. dxe5 dxe5 13. Nb3 Re8 14. Be2 Qc7
15. Qd6 Qxd6 16. Rxd6 Bf8 17. Rxc6 Bb7 18. Rc7 b4 19. Na4 Rec8 20. Rxc8 Rxc8
21. Rd1 Bc6 22. Nb6 Nxb6 23. Bxb6 Ba4 24. Rd8 Rxd8 25. Bxd8 Nd7 26. Nc1 Bc5 27.
Nd3 Bd6 28. b3 Bc6 29. Ba5 f5 30. Bxb4 Bc7 31. exf5 gxf5 32. g3 e4 33. fxe4
fxe4 34. Nf4 Bb6 35. Nd5 Bxd5 36. cxd5 a5 37. Bc3 Kf7 38. Kb2 Ke7 39. Bg4 Nc5
40. Bf5 h6 41. Bg7 h5 42. g4 hxg4 43. Bxg4 Nd3+ 44. Kc3 Nf4 45. Kc4 e3 46. Kb5
Bc7 47. Kc6 Bd6 48. Bh6 Be5 49. d6+ Bxd6 50. Bg5+ Kf8 51. Kxd6 e2 52. Bh4 Ng2
53. Be7+ 1-0

[Event "I SCS Open GM Chess Tournament"]
[Site "Bhubaneswar IND"]
[Date "2009.06.08"]
[Round "2"]
[White "Sharma (del), Hemant"]
[Black "Tejas, Bakre"]
[Result "0-1"]
[WhiteElo "2182"]
[BlackElo "2452"]
[PlyCount "79"]
[EventDate "2009.06.07"]
[EventType "swiss"]
[EventRounds "10"]
[EventCountry "IND"]
[Source "lmi"]
[SourceDate "2009.06.07"]

1. e4 c5 2. Nc3 Nc6 3. g3 g6 4. Bg2 Bg7 5. d3 d6 6. Nge2 e5 7. O-O Nge7 8. Be3
O-O 9. Qd2 Nd4 10. Nd1 d5 11. Nxd4 cxd4 12. Bh6 dxe4 13. Bxg7 Kxg7 14. dxe4 Be6
15. f4 exf4 16. gxf4 f6 17. Nf2 Qb6 18. Nd3 Rac8 19. Rf2 Rc7 20. Qb4 Qxb4 21.
Nxb4 Rc4 22. a3 a5 23. Nd5 Nxd5 24. exd5 Bf5 25. Rc1 Rfc8 26. d6 Rd8 27. Bxb7
Rxd6 28. Bg2 Rb6 29. Bf1 Rc5 30. Rd2 Rxb2 31. Rxd4 Rbxc2 32. Rxc2 Bxc2 33. Bc4
Ba4 34. Kf2 Bb5 35. Bxb5 Rxb5 36. Rd7+ Kh6 37. Ra7 Kh5 38. h3 h6 39. a4 Rc5 40.
f5 0-1

[Event "I SCS Open GM Chess Tournament"]
[Site "Bhubaneswar IND"]
[Date "2009.06.08"]
[Round "3"]
[White "Vikramaditya, Kamble"]
[Black "Igor, Kurnosov"]
[Result "0-1"]
[WhiteElo "2351"]
[BlackElo "2658"]
[PlyCount "58"]
[EventDate "2009.06.07"]
[EventType "swiss"]
[EventRounds "10"]
[EventCountry "IND"]
[Source "lmi"]
[SourceDate "2009.06.07"]

1. Nf3 g6 2. c4 Bg7 3. Nc3 c5 4. e3 Nf6 5. Be2 O-O 6. b3 d5 7. cxd5 Nxd5 8. Bb2
Nb4 9. O-O Nd3 10. Ba3 Na6 11. Rb1 Nab4 12. Na4 b6 13. Nb2 Bf5 14. Nxd3 Nxd3
15. Nh4 Be4 16. Bf3 Qd5 17. Bxe4 Qxe4 18. Nf3 Rfd8 19. Qe2 b5 20. Rbd1 b4 21.
Bc1 Nf4 22. Qb5 Nxg2 23. Ne1 Nxe1 24. Rfxe1 Rd5 25. f4 Rad8 26. d3 Qf3 27. Qc4
Bc3 28. Rf1 Qe2 29. Qa6 Rh5 0-1

[Event "I SCS Open GM Chess Tournament"]
[Site "Bhubaneswar IND"]
[Date "2009.06.08"]
[Round "3"]
[White "N Sudhakar, Babu"]
[Black "Evgeny E, Vorobiov"]
[Result "1/2-1/2"]
[WhiteElo "2341"]
[BlackElo "2596"]
[PlyCount "150"]
[EventDate "2009.06.07"]
[EventType "swiss"]
[EventRounds "10"]
[EventCountry "IND"]
[Source "lmi"]
[SourceDate "2009.06.07"]

1. d4 Nf6 2. c4 d6 3. Nc3 Nbd7 4. e4 e5 5. Be3 Be7 6. Be2 O-O 7. Nf3 c6 8. O-O
a6 9. Nd2 Ne8 10. f4 exf4 11. Bxf4 Bg5 12. Bxg5 Qxg5 13. Nf3 Qe3+ 14. Kh1 Nef6
15. Qd3 Qxd3 16. Bxd3 c5 17. Rad1 cxd4 18. Nxd4 Ne5 19. Be2 Rd8 20. h3 Be6 21.
b3 Rac8 22. a4 Kf8 23. Rd2 Ke7 24. Rfd1 g6 25. Kg1 Rd7 26. Kf2 Nc6 27. Ke3 Nxd4
28. Rxd4 Rc5 29. Bf3 Re5 30. Kf4 g5+ 31. Ke3 h5 32. Kf2 h4 33. R1d3 Ne8 34. Rd2
Rc7 35. Be2 Rc6 36. Kf1 Nf6 37. Bf3 Nd7 38. Bd1 Rb6 39. Rb2 Rc5 40. Be2 Ne5 41.
b4 Nc6 42. bxc5 Rxb2 43. cxd6+ Kd7 44. Rd1 Ne5 45. c5 Rc2 46. Nd5 Rxc5 47. Nf6+
Kc8 48. Nh7 Nd7 49. Rd4 f6 50. Kf2 Bg8 51. Nxf6 Nxf6 52. d7+ Kd8 53. Ke3 Be6
54. Rb4 Bxd7 55. Rxb7 Re5 56. Bd3 Bc6 57. Kd4 Bxb7 58. Kxe5 Nd7+ 59. Kf5 Nc5
60. Bc2 Bc6 61. a5 Bb5 62. Kxg5 Nb7 63. Kxh4 Nxa5 64. Kg5 Ke7 65. g4 Nc6 66. h4
Nd4 67. Bb1 Nf3+ 68. Kf4 Nxh4 69. e5 Bc6 70. Be4 Bxe4 71. Kxe4 Ng6 72. Kd5 a5
73. g5 Kd7 74. e6+ Ke7 75. Kc5 Ne5 1/2-1/2

[Event "I SCS Open GM Chess Tournament"]
[Site "Bhubaneswar IND"]
[Date "2009.06.08"]
[Round "3"]
[White "Atanu, Lahiri"]
[Black "Alexander, Zubarev"]
[Result "1/2-1/2"]
[WhiteElo "2332"]
[BlackElo "2566"]
[PlyCount "67"]
[EventDate "2009.06.07"]
[EventType "swiss"]
[EventRounds "10"]
[EventCountry "IND"]
[Source "lmi"]
[SourceDate "2009.06.07"]

1. d4 Nf6 2. c4 e6 3. Nc3 Bb4 4. e3 c5 5. Bd3 O-O 6. Nf3 d5 7. O-O Nc6 8. a3
Bxc3 9. bxc3 dxc4 10. Bxc4 Qc7 11. Bb2 e5 12. h3 e4 13. Nd2 Re8 14. Qe2 cxd4
15. exd4 Bf5 16. Ba2 Rad8 17. Qe3 b5 18. c4 bxc4 19. Nxc4 Nd5 20. Qd2 Nf4 21.
Kh1 Nd3 22. Bc3 Qd7 23. d5 Nce5 24. Nxe5 Nxe5 25. Qg5 f6 26. Qg3 Bg6 27. h4 Kh8
28. Rfd1 Nd3 29. Bd4 Bf7 30. Bc4 Bxd5 31. Bxd3 exd3 32. Rxd3 Be4 33. Rd2 Qf5
34. Rc1 1/2-1/2

[Event "I SCS Open GM Chess Tournament"]
[Site "Bhubaneswar IND"]
[Date "2009.06.08"]
[Round "3"]
[White "Anuar, Ismagambetov"]
[Black "Rahul, Shetty"]
[Result "1-0"]
[WhiteElo "2525"]
[BlackElo "2302"]
[PlyCount "109"]
[EventDate "2009.06.07"]
[EventType "swiss"]
[EventRounds "10"]
[EventCountry "IND"]
[Source "lmi"]
[SourceDate "2009.06.07"]

1. e4 e5 2. Nf3 Nc6 3. Bb5 a6 4. Ba4 Nf6 5. Nc3 Bb4 6. Nd5 Bc5 7. O-O b5 8. Bb3
d6 9. c3 h6 10. a4 Ba7 11. d3 Be6 12. Be3 O-O 13. Bxa7 Rxa7 14. Nxf6+ Qxf6 15.
Bd5 Bd7 16. Bxc6 Bxc6 17. axb5 Bxb5 18. Ra5 c5 19. Qc2 Qd8 20. Rfa1 Qb6 21. Nd2
Rb8 22. h3 g6 23. R1a3 Kg7 24. Qb1 Rf8 25. Qa2 Qb7 26. Qb1 f5 27. b4 cxb4 28.
Qxb4 Qc7 29. d4 Rb7 30. dxe5 dxe5 31. c4 Bc6 32. Qc3 fxe4 33. Rxa6 Rd8 34. Qc2
Qd7 35. Nf1 Rc7 36. Ne3 Qd4 37. Ra1 Bb5 38. R6a3 Bc6 39. R3a2 Qd3 40. Qb2 Qd4
41. Qe2 Rf8 42. Rd1 Qc5 43. Qb2 Rb7 44. Qc3 Qe7 45. Ra5 Re8 46. Qa1 h5 47. Ra6
Qc5 48. Ra5 Qe7 49. Rb1 Rxb1+ 50. Qxb1 Rd8 51. Qb2 Rd4 52. Qb8 Qd6 53. Ra7+ Bd7
54. Qd8 Kf7 55. Nd5 1-0

[Event "I SCS Open GM Chess Tournament"]
[Site "Bhubaneswar IND"]
[Date "2009.06.08"]
[Round "3"]
[White "S  Krishnan, Ram"]
[Black "Sergey, Vokarev"]
[Result "0-1"]
[WhiteElo "2310"]
[BlackElo "2521"]
[PlyCount "56"]
[EventDate "2009.06.07"]
[EventType "swiss"]
[EventRounds "10"]
[EventCountry "IND"]
[Source "lmi"]
[SourceDate "2009.06.07"]

1. Nf3 Nf6 2. c4 g6 3. Nc3 Bg7 4. g3 d5 5. cxd5 Nxd5 6. Bg2 Nb6 7. d4 Nc6 8. e3
e5 9. d5 Ne7 10. e4 c6 11. d6 Ng8 12. b3 f6 13. O-O Nh6 14. Ba3 Nf7 15. Qd3 Be6
16. Na4 Nxa4 17. bxa4 Qd7 18. Rad1 O-O 19. Nd2 Rfd8 20. Nb3 b6 21. f4 Bg4 22.
Rd2 c5 23. f5 Qxa4 24. Nxc5 bxc5 25. Bxc5 Rac8 26. Ba3 Rc4 27. Rff2 Rd4 28. Qc3
Nxd6 0-1

[Event "I SCS Open GM Chess Tournament"]
[Site "Bhubaneswar IND"]
[Date "2009.06.08"]
[Round "3"]
[White "D P, Singh"]
[Black "R R, Laxman"]
[Result "1/2-1/2"]
[WhiteElo "2306"]
[BlackElo "2521"]
[PlyCount "69"]
[EventDate "2009.06.07"]
[EventType "swiss"]
[EventRounds "10"]
[EventCountry "IND"]
[Source "lmi"]
[SourceDate "2009.06.07"]

1. d4 Nf6 2. Nf3 e6 3. e3 b6 4. Bd3 Bb7 5. O-O Be7 6. Nbd2 c5 7. b3 cxd4 8.
exd4 O-O 9. Bb2 d6 10. Re1 Nbd7 11. a4 a6 12. c4 a5 13. Rc1 Re8 14. Bb1 Rc8 15.
Nf1 Bf8 16. Ne3 g6 17. Ba3 e5 18. dxe5 dxe5 19. Bxf8 Nxf8 20. Qxd8 Rcxd8 21. c5
Bxf3 22. gxf3 bxc5 23. Rxc5 Ne6 24. Rxa5 Nd4 25. Kg2 Nxb3 26. Ra7 Ra8 27. Rxa8
Rxa8 28. Bc2 Nd4 29. Ra1 Nd7 30. Be4 Ra7 31. a5 Kf8 32. Bd5 Ke7 33. a6 Nc5 34.
Ra5 Kd6 35. h4 1/2-1/2

[Event "I SCS Open GM Chess Tournament"]
[Site "Bhubaneswar IND"]
[Date "2009.06.08"]
[Round "3"]
[White "Banerjee, Bitan"]
[Black "Das, Neelotpal"]
[Result "1/2-1/2"]
[WhiteElo "2301"]
[BlackElo "2514"]
[PlyCount "72"]
[EventDate "2009.06.07"]
[EventType "swiss"]
[EventRounds "10"]
[EventCountry "IND"]
[Source "lmi"]
[SourceDate "2009.06.07"]

1. d4 Nf6 2. c4 c5 3. d5 e5 4. Nc3 d6 5. e4 Be7 6. g3 O-O 7. Bg2 a6 8. a4 Nbd7
9. Nge2 Ne8 10. O-O g6 11. f4 exf4 12. gxf4 Bf6 13. Be3 Bg7 14. Kh1 Rb8 15. Bf2
f5 16. exf5 Rxf5 17. Bh3 Rf8 18. Be6+ Kh8 19. f5 Ne5 20. Nf4 Nc7 21. Bg3 Rxf5
22. Nxg6+ hxg6 23. Rxf5 Nxe6 24. dxe6 Bxe6 25. Rf4 Nxc4 26. Qe2 Ne5 27. Bh4 Qd7
28. Bf6 Bxf6 29. Rxf6 Kg7 30. Rf4 Rh8 31. Rg1 Qc6+ 32. Qe4 Qxe4+ 33. Nxe4 Bd5
34. Rd1 Nf3 35. h3 Nd4 36. Kh2 Re8 1/2-1/2

[Event "I SCS Open GM Chess Tournament"]
[Site "Bhubaneswar IND"]
[Date "2009.06.08"]
[Round "3"]
[White "Rustam, Khusnutdinov"]
[Black "Anup, Deshmukh"]
[Result "0-1"]
[WhiteElo "2507"]
[BlackElo "2299"]
[PlyCount "84"]
[EventDate "2009.06.07"]
[EventType "swiss"]
[EventRounds "10"]
[EventCountry "IND"]
[Source "lmi"]
[SourceDate "2009.06.07"]

1. e4 c5 2. Nf3 d6 3. d4 cxd4 4. Nxd4 Nf6 5. Nc3 a6 6. Bc4 e6 7. O-O Be7 8. Bb3
O-O 9. f4 Qc7 10. f5 e5 11. Nde2 b5 12. Bg5 Bb7 13. Ng3 Nbd7 14. a3 a5 15. Nh5
b4 16. Bxf6 Nxf6 17. Nxf6+ Bxf6 18. Nd5 Bxd5 19. Bxd5 Rac8 20. axb4 axb4 21.
Bb3 Qc5+ 22. Kh1 Qd4 23. Re1 Qxb2 24. Qxd6 Qc3 25. Red1 Rcd8 26. Qb6 Rd4 27.
Bxf7+ Kh8 28. Bb3 Rfd8 29. Rg1 Rxe4 30. Qb7 Rh4 31. g3 Rhd4 32. Ra8 e4 33.
Rxd8+ Bxd8 34. Rf1 Rd1 35. Rxd1 Qf3+ 36. Kg1 Qxd1+ 37. Kg2 Qe2+ 38. Kg1 e3 39.
Bc4 Qxc4 40. Qd7 Bb6 41. Kg2 Qe4+ 42. Kh3 h5 0-1

[Event "I SCS Open GM Chess Tournament"]
[Site "Bhubaneswar IND"]
[Date "2009.06.08"]
[Round "3"]
[White "J, Ramakrishna"]
[Black "Amon, Simutowe"]
[Result "1/2-1/2"]
[WhiteElo "2292"]
[BlackElo "2486"]
[PlyCount "137"]
[EventDate "2009.06.07"]
[EventType "swiss"]
[EventRounds "10"]
[EventCountry "IND"]
[Source "lmi"]
[SourceDate "2009.06.07"]

1. e4 c5 2. Nc3 a6 3. f4 e6 4. Nf3 d5 5. d3 Nc6 6. g3 Nge7 7. Bg2 g6 8. O-O Bg7
9. Qe1 d4 10. Nd1 f5 11. Nf2 O-O 12. Bd2 Qd6 13. e5 Qd7 14. h4 b5 15. Qe2 Bb7
16. a3 Nd5 17. Rad1 a5 18. Nh3 a4 19. h5 gxh5 20. Nh4 b4 21. Qxh5 bxa3 22. bxa3
Nce7 23. Rb1 Bc6 24. Qe2 Rab8 25. Ng5 h6 26. Ngf3 Rxb1 27. Rxb1 Qa7 28. Kh2 Rb8
29. Qe1 Rb7 30. Bh3 Rxb1 31. Qxb1 Qb7 32. Qxb7 Bxb7 33. Kg1 Nc7 34. Ba5 Ned5
35. Bxc7 Nxc7 36. Nd2 Nb5 37. Nc4 Kf7 38. Bg2 Bd5 39. Nxf5 Bxc4 40. dxc4 Nxa3
41. Nd6+ Kg8 42. Bc6 Bf8 43. Bxa4 Bxd6 44. exd6 Kf7 45. Bb3 Ke8 46. Kf2 Kd7 47.
Kf3 Kxd6 48. Kg4 Nb1 49. Kh5 Nd2 50. Ba4 Ne4 51. g4 Nf6+ 52. Kh4 e5 53. g5
hxg5+ 54. fxg5 Ng8 55. Kg4 e4 56. Kf4 e3 57. Kf3 Ke6 58. c3 Kf5 59. cxd4 cxd4
60. c5 Ne7 61. c6 Nd5 62. Bb3 Ne7 63. c7 Kxg5 64. Be6 Kf6 65. c8=Q Nxc8 66.
Bxc8 Ke5 67. Ba6 Kd5 68. Ke2 Kc5 69. Bd3 1/2-1/2

[Event "I SCS Open GM Chess Tournament"]
[Site "Bhubaneswar IND"]
[Date "2009.06.08"]
[Round "3"]
[White "Syed Mahfuzur, Rahman"]
[Black "B, Adhiban"]
[Result "0-1"]
[WhiteElo "2287"]
[BlackElo "2483"]
[PlyCount "110"]
[EventDate "2009.06.07"]
[EventType "swiss"]
[EventRounds "10"]
[EventCountry "IND"]
[Source "lmi"]
[SourceDate "2009.06.07"]

1. e4 e5 2. Nf3 Nc6 3. Bb5 a6 4. Ba4 Nf6 5. O-O Bc5 6. c3 b5 7. Bb3 d6 8. d4
Bb6 9. a4 Bg4 10. Be3 O-O 11. Na3 exd4 12. cxd4 Re8 13. axb5 axb5 14. Nxb5 Rxa1
15. Qxa1 Nxe4 16. Qc1 Ne7 17. d5 Nc5 18. Bxc5 Bxc5 19. Qf4 Bd7 20. Ng5 f6 21.
Ne6 Bxe6 22. dxe6 c6 23. Nc3 d5 24. Bc2 Qb8 25. Qxb8 Rxb8 26. Na4 Bd4 27. Ra1
f5 28. Kf1 g6 29. Ra2 Kg7 30. Nc3 Kf6 31. Ke2 Kxe6 32. f3 Kd6 33. Nd1 Nc8 34.
Kd3 Bf6 35. b3 Nb6 36. Ra7 Nd7 37. Nf2 Nc5+ 38. Ke2 Nxb3 39. Bxb3 Rxb3 40. Nd3
h6 41. Rf7 Bd4 42. Rh7 Ke6 43. Rxh6 Kf7 44. Rh7+ Bg7 45. Rh4 d4 46. g4 Rc3 47.
gxf5 gxf5 48. Rh5 Kf6 49. Rh4 c5 50. Kd2 c4 51. Nb4 Kg5 52. Rh3 Be5 53. Nd5
Bf4+ 54. Ke2 d3+ 55. Kf1 Rc1+ 0-1

[Event "I SCS Open GM Chess Tournament"]
[Site "Bhubaneswar IND"]
[Date "2009.06.08"]
[Round "3"]
[White "Prasanna  V, Vishnu"]
[Black "Babu M R, Lalith"]
[Result "0-1"]
[WhiteElo "2286"]
[BlackElo "2480"]
[PlyCount "58"]
[EventDate "2009.06.07"]
[EventType "swiss"]
[EventRounds "10"]
[EventCountry "IND"]
[Source "lmi"]
[SourceDate "2009.06.07"]

1. e4 c6 2. d4 d5 3. e5 Bf5 4. Nf3 e6 5. Be2 Ne7 6. O-O c5 7. Be3 Nec6 8. dxc5
Nd7 9. c4 dxc4 10. Na3 Bxc5 11. Nxc4 O-O 12. Bxc5 Nxc5 13. Qc1 Nd3 14. Qe3 Ndb4
15. Rad1 Nd5 16. Qd2 Bg4 17. Nd4 Bxe2 18. Nxc6 Qc7 19. Qxe2 Qxc6 20. Rd4 Qa6
21. b3 Rac8 22. Qd2 Rc5 23. Rg4 Ne7 24. Qg5 Ng6 25. Rd1 Qxa2 26. h4 Qxb3 27.
Rd8 f6 28. Rxf8+ Kxf8 29. Qd2 Rd5 0-1